Welcome to the Holygrace Academy Library

Please use search bar below to get started

THE WINNERS MANUAL, ESSENTIAL LIFE AND WORK SKILLS (Record no. 1874)

MARC details
000 -LEADER
fixed length control field 00365nam a22001217a 4500
082 ## - DEWEY DECIMAL CLASSIFICATION NUMBER
Classification number 001
Item number HEL/W
100 ## - MAIN ENTRY--AUTHOR NAME
Personal name HELLER, ROBERT, Et al
245 ## - TITLE STATEMENT
Title THE WINNERS MANUAL, ESSENTIAL LIFE AND WORK SKILLS
Remainder of title SELLING SUCCESSFULLY,MAKING PRESENTATIONS, MANAGE YOUR TIME
260 ## - PUBLICATION, DISTRIBUTION, ETC. (IMPRINT)
Place of publication LONDON
Name of publisher DK
Year of publication 2008
300 ## - PHYSICAL DESCRIPTION
Number of Pages 72
650 ## - SUBJECT ADDED ENTRY--TOPICAL TERM
Topical Term PERSONALITY DEVELOPMENT
Geographic subdivision UK
942 ## - ADDED ENTRY ELEMENTS (KOHA)
Koha item type Books
Holdings
Withdrawn status Lost status Collection code Home library Current library Shelving location Date acquired Source of acquisition Full call number Accession Number Koha item type
    Reference Main Library Main Library SHELF 2-A SCIENCE IN OUR WORLD,FUNK7WAGNALLS ENCYCLO,,FIRST AID ,Y2K,MEDICAL 14/05/2009 PURCHASE 001 HEL/W 04516 Books